Statistics for 2011-12 Chelsea FC Winning Squad

Click here to take the quiz!

General Stats

  • This quiz has been taken 336 times
  • The average score is 9 of 12

Answer Stats

PositionNationalityPlayer% Correct
GoalkeeperPetr Čech
99%
Centre ForwardDidier Drogba
98%
Central DefenderJohn Terry
95%
Central MidfielderFrank Lampard
92%
Left BackAshley Cole
89%
Right BackBranislav Ivanović
85%
Central DefenderDavid Luiz
80%
Defensive MidfielderJohn Obi Mikel
79%
Right WingerJuan Mata
63%
CoachRoberto Di Matteo
63%
Left WingerRamires
52%
Defensive MidfielderRaul Meireles
38%

Score Distribution

Percentile by Number Answered

Percent of People with Each Score

Your Score History

You have not taken this quiz